[Event "Lichtenberger Sommer 2019"]
[Site "Berlin"]
[Date "2019.08.25"]
[Round "9.30"]
[White "Niehaus, Frank"]
[Black "Wimmer, Thomas"]
[Result "1-0"]
[WhiteElo "2143"]
[BlackElo "1841"]
[PlyCount "61"]
[EventDate "2019.??.??"]
[WhiteTeam "SK König Tegel"]
[BlackTeam "SK Marburg"]

1. e4 c6 2. d4 d5 3. exd5 cxd5 4. c4 Nf6 5. Nc3 e6 6. Nf3 Bb4 7. cxd5 Nxd5 8.
Bd2 O-O 9. Bd3 Nc6 10. O-O Be7 11. a3 Bf6 12. Be3 Nce7 13. Qe2 Bd7 14. Rfd1 Bc6
15. Rac1 Qb6 16. Ne4 Rac8 17. Nd6 Rc7 18. Nc4 Qa6 19. Re1 Bb5 20. b3 Rfc8 21.
a4 Be8 22. Bd2 g6 23. h4 Nf5 24. Qe4 Bc6 25. Qe2 Bxd4 26. Bxf5 Bxf2+ 27. Qxf2
exf5 28. Nce5 Nf6 29. Nxc6 Rxc6 30. Rxc6 Qxc6 31. Rc1 1-0

[Event "Lichtenberger Sommer 2019"]
[Site "Berlin"]
[Date "2019.08.25"]
[Round "9.31"]
[White "Villuela, Roberto"]
[Black "Bui, Bao Anh Le"]
[Result "1/2-1/2"]
[WhiteElo "1787"]
[BlackElo "2087"]
[PlyCount "40"]
[EventDate "2019.??.??"]
[WhiteTeam "Nairobi Chess Club"]
[BlackTeam "SV Mattnetz Berlin"]

1. d4 d5 2. Bf4 e6 3. Nf3 Bd6 4. e3 Nf6 5. Bg3 c5 6. c3 Qc7 7. Nbd2 Nbd7 8. Be2
O-O 9. O-O Bxg3 10. hxg3 e5 11. dxc5 Nxc5 12. c4 Rd8 13. cxd5 Nxd5 14. Qc2 Qe7
15. Rfc1 b6 16. a3 Bg4 17. b4 Nb7 18. Nc4 e4 19. Nd4 Bxe2 20. Qxe2 Rac8 1/2-1/2

[Event "Lichtenberger Sommer 2019"]
[Site "Berlin"]
[Date "2019.08.25"]
[Round "9.33"]
[White "Guenther, Thomas"]
[Black "Bergmann, Jens"]
[Result "0-1"]
[WhiteElo "1985"]
[BlackElo "1829"]
[PlyCount "110"]
[EventDate "2019.??.??"]
[BlackTeam "SK Tempelhof 1931"]

1. d4 Nf6 2. Nf3 e6 3. c4 d5 4. Nc3 c5 5. cxd5 Nxd5 6. e4 cxd4 7. Bb5+ Bd7 8.
Bxd7+ Qxd7 9. Nxd5 exd5 10. e5 Nc6 11. O-O Bc5 12. Re1 O-O 13. Ng5 Be7 14. Nf3
Rac8 15. a3 Rc7 16. Bf4 Qe6 17. b4 a6 18. Qd3 Rfc8 19. Rac1 b5 20. Rcd1 Qg4 21.
Bg3 Qe6 22. h3 h6 23. Bf4 Bf8 24. Qd2 g5 25. Bg3 Bg7 26. Rc1 Re7 27. Rc5 Ra7
28. Rec1 Qd7 29. Nxd4 Ne7 30. Rxc8+ Nxc8 31. Qc2 Nb6 32. Nf5 Nc4 33. Nxg7 Kxg7
34. Qd3 Qe6 35. Re1 Rd7 36. f4 gxf4 37. Bxf4 Rc7 38. Qg3+ Qg6 39. Qc3 Kh7 40.
Rd1 Rd7 41. Kh2 Qe4 42. Rd4 Qe2 43. Qg3 Qh5 44. Bxh6 Qxe5 45. Rf4 Rd6 46. Bg5
Rg6 47. Rh4+ Kg8 48. Bf4 Qe2 49. Rg4 Rxg4 50. hxg4 Qe4 51. g5 d4 52. Qf2 Nxa3
53. Bd6 Nc4 54. Bc5 Ne3 55. Qd2 Nf1+ 0-1

[Event "Lichtenberger Sommer 2019"]
[Site "Berlin"]
[Date "2019.08.25"]
[Round "9.34"]
[White "Hirsch, Christian"]
[Black "Bauder, Herbert"]
[Result "1/2-1/2"]
[WhiteElo "1726"]
[BlackElo "1947"]
[PlyCount "134"]
[EventDate "2019.??.??"]
[WhiteTeam "SF Haselmühl/Amberg"]
[BlackTeam "Lasker Steglitz-Wilmersdorf"]

1. d4 Nf6 2. c4 g6 3. Nc3 Bg7 4. e4 d6 5. Nf3 O-O 6. Be2 e5 7. dxe5 dxe5 8.
Qxd8 Rxd8 9. Bg5 Nbd7 10. O-O-O Rf8 11. Rd2 c6 12. Rhd1 Re8 13. Kc2 Nc5 14.
Bxf6 Bxf6 15. b4 Ne6 16. Na4 Bg7 17. g4 Nf4 18. g5 Bg4 19. Rg1 Be6 20. Nb2 a5
21. a3 axb4 22. axb4 Ra3 23. Nd3 Nxe2 24. Rxe2 Bxc4 25. Rd2 Bxd3+ 26. Rxd3 Ra2+
27. Kc3 Ra3+ 28. Kc2 Rea8 29. Rc1 Rxd3 30. Kxd3 Ra3+ 31. Rc3 Rxc3+ 32. Kxc3 b5
33. Ne1 Kf8 34. Nd3 Ke7 35. h3 Ke6 36. Nc5+ Kd6 37. Nd3 Bf8 38. f4 Bg7 39. Kd2
exf4 40. Nxf4 Ke5 41. Ke3 Bf8 42. Nd3+ Ke6 43. Kd4 Be7 44. Nf4+ Kd7 45. Nd3
Bxg5 46. Ne5+ Kc7 47. Nxf7 Be7 48. Kc3 g5 49. Kd4 h5 50. Ke5 g4 51. hxg4 hxg4
52. Kf4 Bxb4 53. Kxg4 Be7 54. Kf4 b4 55. Ke3 b3 56. Kd3 Bb4 57. Ne5 Kd6 58.
Nc4+ Ke6 59. Nb2 Ba3 60. Kc3 Bxb2+ 61. Kxb2 Ke5 62. Kxb3 Kd4 63. e5 Kxe5 64.
Kc4 Kd6 65. Kd4 c5+ 66. Kc4 Kc6 67. Kc3 Kd6 1/2-1/2

[Event "Lichtenberger Sommer 2019"]
[Site "Berlin"]
[Date "2019.08.25"]
[Round "9.35"]
[White "Schönberger, Kay"]
[Black "Matitschka, Johannes"]
[Result "1/2-1/2"]
[WhiteElo "1901"]
[BlackElo "1815"]
[PlyCount "115"]
[EventDate "2019.??.??"]
[WhiteTeam "SV Koblenz"]
[BlackTeam "TSG Oberschöneweide"]

1. d4 Nf6 2. c4 c5 3. d5 e6 4. Nc3 exd5 5. cxd5 d6 6. Nf3 a6 7. a4 Bg4 8. Nd2
g5 9. Nc4 h6 10. f3 Bh5 11. e4 Bg7 12. Qb3 Ra7 13. Be2 O-O 14. O-O Qc7 15. Be3
Bg6 16. a5 Nbd7 17. Na4 Raa8 18. Rac1 Rae8 19. Nab6 Kh8 20. Rfd1 Nh5 21. Nxd7
Qxd7 22. Nxd6 Qxd6 23. Bxc5 Qf4 24. Bxf8 Bxf8 25. g3 Nxg3 26. hxg3 Qxg3+ 27.
Kf1 Bd6 28. Qa4 f5 29. Qd4+ Be5 30. Qg1 Qf4 31. exf5 Bxf5 32. Rc4 Bh3+ 33. Ke1
Qxc4 34. Bxc4 Bd4+ 35. Kd2 Bxg1 36. Rxg1 Rd8 37. Rh1 Bg2 38. Rxh6+ Kg7 39. Rb6
Bxf3 40. Ke3 Bxd5 41. Bxd5 Rxd5 42. Rxb7+ Kf8 43. b4 Rd6 44. Ke4 g4 45. Kf4
Rd4+ 46. Kg3 Ke8 47. b5 Kd8 48. bxa6 Kc8 49. Rb5 Rd7 50. Kxg4 Ra7 51. Rb6 Kc7
52. Kf5 Ra8 53. Ke6 Rb8 54. Rd6 Rb5 55. Rd7+ Kb8 56. a7+ Ka8 57. Kd6 Rd5+ 58.
Kxd5 1/2-1/2

[Event "Lichtenberger Sommer 2019"]
[Site "Berlin"]
[Date "2019.08.25"]
[Round "9.36"]
[White "Baranowsky, Peter"]
[Black "Becker, Werner"]
[Result "1-0"]
[WhiteElo "1889"]
[BlackElo "1758"]
[PlyCount "89"]
[EventDate "2019.??.??"]
[WhiteTeam "SF 1903 Berlin"]
[BlackTeam "SC Rochade (Berlin)"]

1. e4 c5 2. Nc3 d6 3. f4 Nc6 4. Bb5 Bd7 5. Nf3 a6 6. Bxc6 Bxc6 7. d4 cxd4 8.
Qxd4 e6 9. Be3 Nf6 10. O-O Be7 11. a4 O-O 12. a5 d5 13. Ne5 Nd7 14. b4 Nxe5 15.
exd5 Nf3+ 16. Rxf3 Bf6 17. Qd3 Bb5 18. Qd2 Bxc3 19. Qxc3 Rc8 20. Qb2 Qxd5 21.
Bc5 Rfd8 22. Rg3 g6 23. Rf3 Rd7 24. h3 Bc6 25. Rf2 Qe4 26. Qc3 Rcd8 27. Kh2 Rd1
28. Rxd1 Rxd1 29. Qe3 Re1 30. Qxe4 Rxe4 31. c3 f6 32. Kg3 h6 33. Rd2 Bd5 34.
Bd4 Kf7 35. Rf2 Kg7 36. h4 h5 37. Rd2 Re1 38. Kh2 Re3 39. Bxe3 Kf8 40. Bc5+ Ke8
41. Rxd5 exd5 42. Kg3 Kf7 43. Kf3 Ke6 44. g4 Kd7 45. f5 1-0

[Event "Lichtenberger Sommer 2019"]
[Site "Berlin"]
[Date "2019.08.25"]
[Round "9.37"]
[White "Ahlers, Knut"]
[Black "Andresen, Marc"]
[Result "1-0"]
[WhiteElo "1880"]
[BlackElo "1554"]
[PlyCount "69"]
[EventDate "2019.??.??"]
[WhiteTeam "SV Bargteheide"]
[BlackTeam "SC Falkensee"]

1. Nf3 Nf6 2. g3 g6 3. Bg2 Bg7 4. O-O O-O 5. d3 c5 6. a3 Nc6 7. Nc3 a6 8. Bd2
Rb8 9. Qc1 Re8 10. e4 d6 11. Nh4 e6 12. f4 b5 13. Ne2 Qc7 14. h3 Bb7 15. Be3 d5
16. Bxc5 dxe4 17. dxe4 Nd8 18. Bd4 Bxe4 19. Bxf6 Qc5+ 20. Rf2 Bxf6 21. Bxe4 Nc6
22. c3 Bxh4 23. gxh4 Rbc8 24. Bxc6 Qxc6 25. Qe3 Red8 26. Nd4 Qc4 27. h5 a5 28.
hxg6 hxg6 29. Qe2 b4 30. Qxc4 Rxc4 31. Nb5 Rc5 32. a4 bxc3 33. Nxc3 Rf5 34.
Raf1 Rh5 35. Kg2 1-0

[Event "Lichtenberger Sommer 2019"]
[Site "Berlin"]
[Date "2019.08.25"]
[Round "9.38"]
[White "Verbitsky, Jaroslaw"]
[Black "Francois, Yannick"]
[Result "1-0"]
[WhiteElo "1917"]
[BlackElo "1745"]
[PlyCount "161"]
[EventDate "2019.??.??"]
[WhiteTeam "SV Mattnetz Berlin"]
[BlackTeam "SC Falkensee"]

1. e4 c5 2. Nf3 Nc6 3. d4 cxd4 4. Nxd4 Nf6 5. Nc3 e5 6. Ndb5 d6 7. Bg5 a6 8.
Na3 b5 9. Nd5 Be7 10. Bxf6 Bxf6 11. c4 b4 12. Qa4 Bd7 13. Nxb4 Nd4 14. Qd1 Bg5
15. Nbc2 Ba4 16. Bd3 Qa5+ 17. Kf1 Bxc2 18. Nxc2 Nxc2 19. Qxc2 O-O 20. a3 Rab8
21. Ke2 Rfc8 22. b4 Qb6 23. Qc3 g6 24. Rhb1 Qa7 25. a4 Bd8 26. a5 Bf6 27. Qd2
Qd4 28. Qe3 Qc3 29. Qd2 Qd4 30. Ra3 Qa7 31. b5 Be7 32. Ra2 Rc5 33. b6 Qb7 34.
Kf1 Rf8 35. g4 Kg7 36. f3 h6 37. Qe3 Bg5 38. Qf2 Be7 39. Rd1 Rfc8 40. Kg2 g5
41. Qe1 f6 42. Qb4 Kf7 43. Rh1 Kg7 44. Kg3 Rh8 45. Qc3 Kf7 46. h3 Kg6 47. Rah2
Kg7 48. Qd2 Qb8 49. Kg2 Qb7 50. h4 Qb8 51. hxg5 fxg5 52. Kg3 Kg6 53. Qb4 Qb7
54. Bc2 Bf6 55. Ba4 Bg7 56. Rd2 Bf8 57. Rhd1 Qb8 58. Bd7 Be7 59. b7 Qc7 60. Bc8
Rxc8 61. bxc8=Q Qxc8 62. Rc2 Kf7 63. Rb1 Bd8 64. Qb7+ Qxb7 65. Rxb7+ Kf6 66.
Rh7 Kg6 67. Rd7 Bc7 68. Rb2 Rc6 69. Rb7 Bxa5 70. Rg7+ Kf6 71. Rbf7+ Ke6 72. Rf5
Bd2 73. Rg6+ Ke7 74. Rxh6 Rxc4 75. Rh7+ Ke6 76. Kf2 a5 77. Ra7 Rc5 78. Rff7 d5
79. Rae7+ Kd6 80. exd5 Rxd5 81. Rd7+ 1-0

[Event "Lichtenberger Sommer 2019"]
[Site "Berlin"]
[Date "2019.08.25"]
[Round "9.39"]
[White "Schmalzried, Volker"]
[Black "Brümmel, Arend"]
[Result "0-1"]
[WhiteElo "1808"]
[BlackElo "2129"]
[PlyCount "66"]
[EventDate "2019.??.??"]
[BlackTeam "Stader SV"]

1. c4 e5 2. Nc3 Nf6 3. g3 Bb4 4. Bg2 O-O 5. Nf3 Re8 6. O-O e4 7. Ng5 Bxc3 8.
bxc3 h6 9. Nh3 d6 10. d3 Bf5 11. f4 Nbd7 12. d4 c5 13. e3 Nb6 14. Qb3 Qc8 15.
Nf2 cxd4 16. cxd4 Nxc4 17. Re1 d5 18. a4 Re6 19. Ba3 Rb6 20. Qc3 Qd7 21. Bc5
Rc6 22. a5 Qd8 23. Qb4 b6 24. axb6 axb6 25. Be7 Qc8 26. Rxa8 Qxa8 27. Bxf6 gxf6
28. g4 Bd7 29. f5 Qa5 30. Qb1 Qc3 31. Rc1 Qxe3 32. Rd1 Na3 33. Qa2 Rc2 0-1

[Event "Lichtenberger Sommer 2019"]
[Site "Berlin"]
[Date "2019.08.25"]
[Round "9.40"]
[White "Bade, Heidrun"]
[Black "Bornschein, Burkhard"]
[Result "0-1"]
[WhiteElo "1783"]
[BlackElo "2016"]
[PlyCount "48"]
[EventDate "2019.??.??"]
[WhiteTeam "USV Potsdam"]
[BlackTeam "BSC Rehberge"]

1. e4 c5 2. Nf3 Nc6 3. d4 cxd4 4. Nxd4 Nf6 5. Nc3 e5 6. Nb3 Bb4 7. Bg5 h6 8.
Bxf6 Bxc3+ 9. bxc3 Qxf6 10. Be2 d6 11. Qd3 O-O 12. O-O Rd8 13. c4 a5 14. c3 Be6
15. Nd2 Qe7 16. a4 Qc7 17. Rab1 Nb8 18. Nb3 Nd7 19. Rfd1 Nb6 20. c5 Nxa4 21.
cxd6 Qxc3 22. Qb5 Qb4 23. Qd3 Nc3 24. Nd2 Nxb1 0-1

[Event "Lichtenberger Sommer 2019"]
[Site "Berlin"]
[Date "2019.08.25"]
[Round "9.41"]
[White "Neuwald, Volker"]
[Black "Schäfer, Heiko"]
[Result "1-0"]
[WhiteElo "1774"]
[BlackElo "2002"]
[PlyCount "77"]
[EventDate "2019.??.??"]
[WhiteTeam "SK Ottenau"]
[BlackTeam "Potsdamer SV"]

1. c4 f5 2. Nc3 Nf6 3. Nf3 e6 4. d4 Bb4 5. Bd2 O-O 6. e3 b6 7. a3 Bxc3 8. Bxc3
Ne4 9. Qc2 Bb7 10. Bd3 d6 11. b4 Nd7 12. Bb2 Qe7 13. Qb3 Kh8 14. Qc2 a5 15. b5
Ng5 16. Qe2 e5 17. Bc2 Bxf3 18. gxf3 exd4 19. h4 Ne6 20. O-O-O Nf4 21. Qd2 dxe3
22. fxe3 Nh5 23. Rdg1 Ne5 24. Qe2 f4 25. exf4 Nxf4 26. Qe4 g6 27. h5 Nxh5 28.
Rxh5 gxh5 29. f4 Rg8 30. Rh1 Rae8 31. Rxh5 Rg1+ 32. Kd2 Kg8 33. fxe5 dxe5 34.
Rxe5 Qd6+ 35. Bd3 Qh6+ 36. Kc2 Rxe5 37. Qxe5 Rg2+ 38. Kb3 Qh2 39. Qh8+ 1-0

[Event "Lichtenberger Sommer 2019"]
[Site "Berlin"]
[Date "2019.08.25"]
[Round "9.42"]
[White "Vollmar, Torsten"]
[Black "Schabe, Felix"]
[Result "0-1"]
[WhiteElo "1764"]
[BlackElo "1984"]
[PlyCount "96"]
[EventDate "2019.??.??"]
[WhiteTeam "BSV 63 Chemie Weißensee"]
[BlackTeam "SV Empor Berlin"]

1. e4 d6 2. d4 Nf6 3. Nc3 g6 4. f4 Bg7 5. Nf3 O-O 6. e5 Nfd7 7. Bc4 Nb6 8. Bb3
dxe5 9. fxe5 Bg4 10. O-O Nc6 11. Be3 Na5 12. h3 Nbc4 13. Bxc4 Nxc4 14. Qc1 Bxf3
15. Rxf3 c5 16. dxc5 Bxe5 17. Bh6 Qd4+ 18. Kh1 Rfd8 19. Be3 Qd7 20. Qf1 Bxc3
21. Qxc4 Bf6 22. Raf1 Qd5 23. Qxd5 Rxd5 24. c3 Rad8 25. Bd4 Bxd4 26. cxd4 f6
27. Re3 Kf7 28. Rfe1 R8d7 29. Ra3 a6 30. Rc3 Rxd4 31. c6 bxc6 32. Rxc6 R4d6 33.
Rxd6 Rxd6 34. Re2 e5 35. Kg1 Ke6 36. Kf2 Rc6 37. Ke3 f5 38. Kd3 Kd5 39. Ke3 g5
40. Rd2+ Ke6 41. Re2 Rc4 42. Kf2 e4 43. g3 f4 44. b3 Rd4 45. Rc2 Kd5 46. Rc8
Rd2+ 47. Ke1 e3 48. Rd8+ Ke4 0-1

[Event "Lichtenberger Sommer 2019"]
[Site "Berlin"]
[Date "2019.08.25"]
[Round "9.43"]
[White "Groot, Patrick"]
[Black "Manz, Andreas"]
[Result "1/2-1/2"]
[WhiteElo "1971"]
[BlackElo "1775"]
[PlyCount "94"]
[EventDate "2019.??.??"]
[WhiteTeam "SF 1903 Berlin"]
[BlackTeam "BSV 63 Chemie Weißensee"]

1. d4 Nf6 2. c4 e6 3. Nc3 d5 4. cxd5 exd5 5. Bg5 c6 6. e3 Be7 7. Bd3 h6 8. Bh4
Nbd7 9. Nge2 Nh5 10. Bxe7 Qxe7 11. Qc2 Nb6 12. O-O O-O 13. Rab1 a5 14. b3 Be6
15. f3 Rad8 16. Qd2 Rfe8 17. Kh1 Bc8 18. Nd1 Qb4 19. Nec3 Nd7 20. Rb2 Nf8 21.
Qf2 Nf6 22. Rc2 Qd6 23. Na4 Re7 24. Rc5 b5 25. Nab2 Bb7 26. Qd2 Ra8 27. a4 b4
28. Bb1 N6d7 29. Rc1 c5 30. Re1 Ba6 31. Nf2 Rc8 32. dxc5 Nxc5 33. Bc2 Qe5 34.
Nbd3 Nxd3 35. Nxd3 Bxd3 36. Bxd3 Rc3 37. f4 Qc7 38. Rxc3 bxc3 39. Qc1 Qc5 40.
Kg1 Rb7 41. Qc2 Ne6 42. g3 Rb8 43. Kf2 Nd8 44. Rc1 Rc8 45. Bb5 Ne6 46. Bd7 Rc7
47. Bxe6 fxe6 1/2-1/2

[Event "Lichtenberger Sommer 2019"]
[Site "Berlin"]
[Date "2019.08.25"]
[Round "9.44"]
[White "Patzenhauer, Max"]
[Black "Fock, Sana"]
[Result "1/2-1/2"]
[WhiteElo "1945"]
[BlackElo "1800"]
[PlyCount "105"]
[EventDate "2019.??.??"]
[WhiteTeam "SV Motor Wildau"]
[BlackTeam "SC Kreuzberg"]

1. d4 d5 2. Nf3 Nf6 3. e3 e6 4. Bd3 c5 5. b3 Nbd7 6. Nbd2 b6 7. Ne5 Bb7 8. O-O
Be7 9. Bb2 O-O 10. Qf3 cxd4 11. exd4 Qc7 12. a3 g6 13. Rfe1 Rac8 14. Rac1 Nxe5
15. dxe5 Ne4 16. Nxe4 dxe4 17. Bxe4 Bxe4 18. Rxe4 Bg5 19. Rc4 Qb8 20. Rd1 Rxc4
21. bxc4 Qc7 22. Qe2 Rc8 23. Rd4 b5 24. Qd1 bxc4 25. Rd7 Qxd7 26. Qxd7 Rd8 27.
Qd4 Rxd4 28. Bxd4 Be7 29. a4 a6 30. Kf1 Kf8 31. Ke2 Ke8 32. Kf3 Kd7 33. Ke4 Kc6
34. f4 h5 35. h3 Bc5 36. g4 hxg4 37. hxg4 Be7 38. Ba7 Bc5 39. Bxc5 Kxc5 40. c3
Kb6 41. Kd4 Ka5 42. Kxc4 Kxa4 43. Kd4 Kb3 44. c4 a5 45. c5 a4 46. c6 a3 47. c7
a2 48. c8=Q a1=Q+ 49. Ke3 Qg1+ 50. Kf3 Qh1+ 51. Kg3 Qe1+ 52. Kf3 Qh1+ 53. Kg3
1/2-1/2

[Event "Lichtenberger Sommer 2019"]
[Site "Berlin"]
[Date "2019.08.25"]
[Round "9.46"]
[White "Kandeler, Christian"]
[Black "Jaeger, Andre"]
[Result "1-0"]
[WhiteElo "1650"]
[BlackElo "1897"]
[Annotator "TSG Oberschöneweide"]
[PlyCount "83"]
[EventDate "2019.??.??"]
[WhiteTeam "SC Rochade (Berlin)"]

1. e4 c5 2. c3 Nf6 3. e5 Nd5 4. d4 cxd4 5. Nf3 Nc6 6. cxd4 d6 7. Bc4 Nb6 8. Bb3
d5 9. Nc3 Bg4 10. O-O e6 11. Be3 Be7 12. h3 Bh5 13. a3 Rc8 14. Bc2 Nc4 15. Bc1
Bxf3 16. gxf3 a6 17. Kh2 b5 18. Ne2 g5 19. Rg1 h6 20. b3 Nb6 21. f4 Qc7 22. Bd3
f5 23. a4 Nb4 24. axb5 Nxd3 25. Qxd3 Qc2 26. Qf3 axb5 27. fxg5 hxg5 28. Bxg5
Bxg5 29. Rxg5 Qe4 30. Qxe4 dxe4 31. Nf4 Rc2 32. Rg2 Rc3 33. Ra6 Rh4 34. Ra7 Nd7
35. Ra8+ Kf7 36. Rag8 Nf8 37. R2g7+ Ke8 38. Nxe6 Rcxh3+ 39. Kg2 Rg4+ 40. Kxh3
Rxg7 41. Nxg7+ Kf7 42. Rxf8+ 1-0

[Event "Lichtenberger Sommer 2019"]
[Site "Berlin"]
[Date "2019.08.25"]
[Round "9.47"]
[White "Willich, Manfred"]
[Black "Jansen, Robert"]
[Result "1-0"]
[WhiteElo "1871"]
[BlackElo "1746"]
[PlyCount "87"]
[EventDate "2019.??.??"]
[WhiteTeam "SK Turm Bad Hersfeld"]
[BlackTeam "SC Kreuzberg"]

1. Nf3 d5 2. c4 dxc4 3. Na3 Nf6 4. Nxc4 Nc6 5. g3 e6 6. Bg2 Bd6 7. O-O O-O 8.
d4 h6 9. Re1 Bb4 10. Bd2 Be7 11. Bc3 Ne4 12. Qc2 Nxc3 13. bxc3 Rb8 14. Nfe5
Nxe5 15. Nxe5 Bd6 16. Nd3 b6 17. e4 Bb7 18. Rad1 f5 19. Qb3 Qd7 20. exf5 Bxg2
21. Kxg2 Rbe8 22. fxe6 Qe7 23. Qd5 Kh8 24. Re2 Rc8 25. Ne5 Bxe5 26. Qxe5 Rce8
27. d5 Qf6 28. Qxf6 Rxf6 29. c4 Kg8 30. Re3 Kf8 31. Rf3 Ke7 32. Rdd3 Rg6 33.
Rf7+ Kd6 34. Rd7+ Ke5 35. Rxc7 a5 36. Re3+ Kd4 37. Rb3 Rb8 38. Rb5 Rf6 39. Rc6
Kc3 40. Rb3+ Kd4 41. Rf3 Rxf3 42. Kxf3 b5 43. d6 Ke5 44. d7 1-0

[Event "Lichtenberger Sommer 2019"]
[Site "Berlin"]
[Date "2019.08.25"]
[Round "9.48"]
[White "Bunkens, Rudi"]
[Black "Karyah, Thomas"]
[Result "1-0"]
[WhiteElo "1724"]
[BlackElo "1870"]
[PlyCount "91"]
[EventDate "2019.??.??"]
[WhiteTeam "Koninklijke Gentse SK"]
[BlackTeam "SC Zugzwang 95 (Berlin)"]

1. d4 Nf6 2. c4 e5 3. dxe5 Ng4 4. Bf4 Nc6 5. Nf3 Bc5 6. e3 Qe7 7. a3 a5 8. Nc3
Ngxe5 9. Nxe5 Nxe5 10. Nb5 d6 11. Be2 Be6 12. Qc2 g6 13. Nd4 Bd7 14. O-O h5 15.
b4 Bb6 16. Qd2 Nc6 17. Rfe1 Bc8 18. Bf3 Nd8 19. e4 Bg4 20. e5 Ne6 21. exd6 cxd6
22. Nxe6 Bxe6 23. Bxd6 Rd8 24. Bxe7 Rxd2 25. Bf6 Bxf2+ 26. Kf1 O-O 27. Re2 Rxe2
28. Kxe2 Ba7 29. Kd3 Re8 30. Rd1 b6 31. Kc3 Bb8 32. h3 Bc7 33. Bc6 axb4+ 34.
axb4 Rf8 35. Ra1 g5 36. Ra7 Rc8 37. Bb7 Bb8 38. Bxc8 Bxa7 39. Bxe6 fxe6 40.
Bxg5 Kf7 41. Kd4 Kg6 42. Bf4 Kf5 43. Bd6 Kf6 44. Ke4 Kg6 45. Ke5 h4 46. Kxe6
1-0

[Event "Lichtenberger Sommer 2019"]
[Site "Berlin"]
[Date "2019.08.25"]
[Round "9.49"]
[White "Jugert, Ole"]
[Black "Ziems, Michael"]
[Result "0-1"]
[WhiteElo "1739"]
[BlackElo "1820"]
[PlyCount "66"]
[EventDate "2019.??.??"]
[WhiteTeam "SK Zehlendorf"]
[BlackTeam "SV Empor Berlin"]

1. d4 e6 2. c4 d5 3. Nc3 Nf6 4. cxd5 exd5 5. Bg5 Be7 6. e3 c6 7. Bd3 b6 8. Qc2
Bb7 9. Nf3 Nbd7 10. O-O O-O 11. Rab1 a5 12. a4 h6 13. Bh4 c5 14. Qe2 Ne4 15.
Bxe7 Qxe7 16. Rfc1 Rfe8 17. Nb5 Rac8 18. Nd2 Ndf6 19. Nxe4 Nxe4 20. dxc5 Nxc5
21. Bc2 Qf6 22. Nd4 Qxd4 23. exd4 Rxe2 24. dxc5 bxc5 25. Bf5 Rce8 26. h3 R2e5
27. Bd3 d4 28. f4 Re3 29. Bf5 Rg3 30. Rxc5 Rxg2+ 31. Kf1 Rh2 32. Rxa5 g6 33.
Bd3 Re3 0-1

[Event "Lichtenberger Sommer 2019"]
[Site "Berlin"]
[Date "2019.08.25"]
[Round "9.50"]
[White "Korell, Klaus-Peter"]
[Black "Reck, Jessica"]
[Result "0-1"]
[WhiteElo "1816"]
[BlackElo "1649"]
[PlyCount "70"]
[EventDate "2019.??.??"]
[WhiteTeam "SG TT/Wiheil"]
[BlackTeam "SK König Tegel"]

1. d4 b6 2. Nf3 Bb7 3. Nbd2 f5 4. e3 Nf6 5. Bd3 e6 6. O-O Be7 7. c4 O-O 8. Qc2
Na6 9. a3 g6 10. e4 c5 11. e5 Nh5 12. d5 Nf4 13. d6 Bg5 14. g3 Nxd3 15. Qxd3
Nb8 16. h4 Bh6 17. Re1 Rf7 18. Nf1 Bxc1 19. Raxc1 h6 20. b4 g5 21. N1d2 gxh4
22. Nxh4 Qg5 23. Kh2 Rg7 24. f4 Qh5 25. Qe2 Rg4 26. Kh3 Qf7 27. b5 Qg7 28. Rg1
a6 29. Rc3 Kh7 30. a4 Rxf4 31. gxf4 Qxg1 32. Rg3 Qh1+ 33. Qh2 Qxh2+ 34. Kxh2
axb5 35. axb5 Ra2 0-1

[Event "Lichtenberger Sommer 2019"]
[Site "Berlin"]
[Date "2019.08.25"]
[Round "9.51"]
[White "Rehder, Frank"]
[Black "Badestein, Hartmut"]
[Result "1/2-1/2"]
[WhiteElo "1793"]
[BlackElo "2042"]
[PlyCount "64"]
[EventDate "2019.??.??"]
[WhiteTeam "SC Zugzwang 95 (Berlin)"]
[BlackTeam "SC Friesen Lichtenberg"]

1. d4 Nf6 2. Nf3 g6 3. c4 Bg7 4. Nc3 c5 5. d5 O-O 6. e4 d6 7. Be2 e5 8. O-O Nh5
9. g3 a6 10. Be3 Nd7 11. Qd2 Rb8 12. Rab1 Ndf6 13. Bh6 Ng4 14. Bxg7 Kxg7 15. b4
cxb4 16. Rxb4 Ngf6 17. Rfb1 Nd7 18. Na4 Nhf6 19. Qc2 Qc7 20. Bd3 Nc5 21. Nxc5
Qxc5 22. Rb6 h5 23. Nd2 Ng4 24. Nf1 h4 25. h3 Nf6 26. g4 Nd7 27. R6b2 Qa5 28.
Qd2 Qd8 29. f4 exf4 30. Qxf4 Ne5 31. Be2 Qc7 32. Ne3 Qe7 1/2-1/2

[Event "Lichtenberger Sommer 2019"]
[Site "Berlin"]
[Date "2019.08.25"]
[Round "9.52"]
[White "Barwich, Andreas"]
[Black "Schindler, Rudolf"]
[Result "1/2-1/2"]
[WhiteElo "1951"]
[BlackElo "1780"]
[PlyCount "145"]
[EventDate "2019.??.??"]
[WhiteTeam "SV Berolina Mitte"]
[BlackTeam "Lasker Steglitz-Wilmersdorf"]

1. e4 d6 2. d4 Nf6 3. Nc3 c6 4. f3 Qb6 5. Bc4 Nbd7 6. Bb3 a5 7. a4 Qd8 8. Nge2
e5 9. d5 Nc5 10. Ba2 Nfd7 11. Be3 Be7 12. O-O O-O 13. g4 Nb6 14. dxc6 bxc6 15.
Bxc5 dxc5 16. Ng3 g6 17. Qc1 Qd4+ 18. Rf2 c4 19. Kg2 Bc5 20. Nd1 Qd8 21. Ne3
Be6 22. Re2 Qg5 23. c3 Rad8 24. Qe1 Rd3 25. Ngf1 Qf4 26. Bb1 Rd7 27. Bc2 Rfd8
28. Rd1 Kg7 29. Rxd7 Rxd7 30. Qg3 Be7 31. Qxf4 exf4 32. Nd1 Rb7 33. Nf2 Nd7 34.
Bd1 Ne5 35. Rd2 Rb8 36. Be2 Rh8 37. Rd1 h5 38. h3 hxg4 39. fxg4 Bc5 40. Nh1 f3+
41. Bxf3 Nxf3 42. Kxf3 Rxh3+ 43. Nfg3 f5 44. gxf5 gxf5 45. exf5 Bxf5 46. Nf2
Bxf2 47. Kxf2 Bd3 48. Rh1 Rxh1 49. Nxh1 Kf6 50. Ke3 Ke5 51. Kd2 Bg6 52. Nf2 Bf5
53. Nd1 Be6 54. Ne3 Ke4 55. Nc2 c5 56. Na3 Kd5 57. Nc2 Bf7 58. Kc1 Ke4 59. Kb1
Bh5 60. Na3 Kd5 61. Kc1 Be8 62. Nc2 Ke4 63. Na3 Kd3 64. Nb5 Bd7 65. Kb1 Ke4 66.
Nd6+ Kd5 67. Nb7 Bxa4 68. Nxa5 Bd7 69. Ka2 Be6 70. Ka3 Bd7 71. Nxc4 Kxc4 72. b4
cxb4+ 73. cxb4 1/2-1/2

[Event "Lichtenberger Sommer 2019"]
[Site "Berlin"]
[Date "2019.08.25"]
[Round "9.53"]
[White "Bandsom, Olaf"]
[Black "Matitschka, Heinz"]
[Result "1/2-1/2"]
[WhiteElo "1784"]
[BlackElo "1930"]
[PlyCount "75"]
[EventDate "2019.??.??"]
[WhiteTeam "SC Friesen Lichtenberg"]
[BlackTeam "TSG Oberschöneweide"]

1. e4 c5 2. Nf3 e6 3. d4 cxd4 4. Nxd4 Nc6 5. Nxc6 bxc6 6. Be2 d5 7. Bf3 Ba6 8.
exd5 cxd5 9. c3 Qb6 10. Be2 Bxe2 11. Qxe2 Rb8 12. O-O Nf6 13. Nd2 Bd6 14. Nb3
O-O 15. Be3 Qb7 16. Rab1 Rfc8 17. Rfe1 Qe7 18. g3 e5 19. Nd2 a5 20. Bg5 Qd7 21.
Bxf6 gxf6 22. Qh5 Kh8 23. Qf3 Be7 24. Red1 f5 25. Qe2 Qe6 26. Nf3 Bf6 27. Qd2
Rd8 28. Re1 Qd6 29. Rbd1 Rb7 30. Qc2 e4 31. Nd4 Bxd4 32. Rxd4 Qb6 33. Re2 Qc5
34. Qd2 Rb6 35. Qg5 Qc8 36. Red2 Rbd6 37. c4 Qe6 38. Rxd5 1/2-1/2

[Event "Lichtenberger Sommer 2019"]
[Site "Berlin"]
[Date "2019.08.25"]
[Round "9.54"]
[White "Schubert, Joachim"]
[Black "Hoffbauer, Jörg"]
[Result "0-1"]
[WhiteElo "1923"]
[BlackElo "1773"]
[PlyCount "62"]
[EventDate "2019.??.??"]
[WhiteTeam "SC Friesen Lichtenberg"]
[BlackTeam "SF 1903 Berlin"]

1. e4 e5 2. Nf3 Nc6 3. Bb5 Nf6 4. O-O Bc5 5. Qe2 d6 6. h3 O-O 7. c3 a6 8. Ba4
b5 9. Bc2 h6 10. d3 Ne7 11. Nbd2 Ng6 12. Nb3 Bb6 13. Be3 c5 14. Rad1 Re8 15.
Rfe1 Nh5 16. Qd2 Nhf4 17. Kh2 Be6 18. Rh1 Qc8 19. Ng1 d5 20. d4 c4 21. Nc1 Bc7
22. Nce2 Nxe2 23. Nxe2 exd4+ 24. Bf4 Nxf4 25. Nxf4 g5 26. g3 gxf4 27. gxf4 d3
28. Rdg1+ Kh7 29. exd5 Bxd5 30. Bxd3+ cxd3 31. Qxd3+ Kh8 0-1

[Event "Lichtenberger Sommer 2019"]
[Site "Berlin"]
[Date "2019.08.25"]
[Round "9.55"]
[White "Scheide, Helmut"]
[Black "Rausch, Erik"]
[Result "1/2-1/2"]
[WhiteElo "1921"]
[BlackElo "1718"]
[PlyCount "57"]
[EventDate "2019.??.??"]
[WhiteTeam "USV Potsdam"]
[BlackTeam "SC Kreuzberg"]

1. Nf3 Nf6 2. d4 d5 3. c4 e6 4. e3 c6 5. Nc3 Nbd7 6. Bd3 dxc4 7. Bxc4 b5 8. Bd3
Bb7 9. O-O a6 10. e4 c5 11. d5 c4 12. Bc2 Qc7 13. dxe6 fxe6 14. Ng5 Nc5 15. e5
Qxe5 16. Re1 Qd6 17. Qxd6 Bxd6 18. Nxe6 Nxe6 19. Rxe6+ Kd7 20. Bf5 Kc7 21. Re1
Rhe8 22. Bg5 Be5 23. Rad1 Bc6 24. a3 h6 25. Rxe5 hxg5 26. Rxe8 Rxe8 27. f3 Re5
28. Bg6 a5 29. Kf2 1/2-1/2